000 00905nam a2200253Ia 4500
003 OSt
005 20220923230608.0
006 a|||||r|||| 00| 0
007 ta
008 220922b |||||||| |||| 00| 0 hin d
024 _a283,584
037 _cTextual
040 _aARTS
_cARTS
_bhin
041 _2hin
_ahin
082 _aR6v, 152K6;L3
100 _aशास्त्री, नरेन्द्रदेव सिंह
245 0 _aभारतीय दर्शनशास्त्र का इतिहास
246 _aBhāratīya darshanashāstra kā itihāsa
260 _aमेरठ
_b साहित्य भण्डार
_c1973
300 _a466पृ.
_ccm.
650 _aभारतीय दर्शन
942 _hR6v, 152K6;L3
_cTEXL
_2CC
999 _c385935
_d385935